TEXT BOOK OF OPERATIVE DENTISTRY (Record no. 4822)
[ view plain ]
| 000 -LEADER | |
|---|---|
| fixed length control field | 00368nam a2200133Ia 4500 |
| 008 - FIXED-LENGTH DATA ELEMENTS--GENERAL INFORMATION | |
| fixed length control field | 150201s2014 xx 000 0 und d |
| 082 ## - DEWEY DECIMAL CLASSIFICATION NUMBER | |
| Classification number | 617.6342 |
| Item number | O2013G |
| 100 ## - MAIN ENTRY--PERSONAL NAME | |
| Personal name | GARG ,NISHA |
| 245 ## - TITLE STATEMENT | |
| Title | TEXT BOOK OF OPERATIVE DENTISTRY |
| 250 ## - EDITION STATEMENT | |
| Edition statement | 2ND |
| 260 ## - PUBLICATION, DISTRIBUTION, ETC. (IMPRINT) | |
| Name of publisher, distributor, etc. | JAYPEE BROTHERS MEDICAL PUBLISHERS |
| 650 ## - SUBJECT ADDED ENTRY--TOPICAL TERM | |
| Topical term or geographic name as entry element | CONSERVATIVE DENTISTRY & ENDODONTICS |
| 942 ## - ADDED ENTRY ELEMENTS (KOHA) | |
| Source of classification or shelving scheme | Dewey Decimal Classification |
| Koha item type | Books |
| Koha issues (borrowed), all copies | 22 |
| Withdrawn status | Lost status | Source of classification or shelving scheme | Damaged status | Not for loan | Home library | Current library | Date acquired | Serial Enumeration / chronology | SGTU | Total Checkouts | Full call number | Barcode | Date last seen | Date last checked out | Bill Date | Koha item type |
|---|---|---|---|---|---|---|---|---|---|---|---|---|---|---|---|---|
| Dewey Decimal Classification | SGT Dental Library | SGT Dental Library | 06/05/2014 | 1 | SGTU | 19 | 617.6342 O2013G | FD6896 | 27/08/2024 | 10/08/2024 | 09/02/2015 | Books | ||||
| Dewey Decimal Classification | SGT Dental Library | SGT Dental Library | 06/05/2014 | 1 | SGTU | 10 | 617.6342 O2013G | FD6897 | 10/08/2024 | 10/08/2024 | 09/02/2015 | Books | ||||
| Dewey Decimal Classification | SGT Dental Library | SGT Dental Library | 06/05/2014 | 1 | SGTU | 1 | 617.6342 O2013G | FD6898 | 09/05/2022 | 27/06/2019 | 09/02/2015 | Books | ||||
| Dewey Decimal Classification | SGT Dental Library | SGT Dental Library | 06/05/2014 | 1 | SGTU | 8 | 617.6342 O2013G | FD6899 | 10/02/2022 | 10/02/2022 | 09/02/2015 | Books | ||||
| Dewey Decimal Classification | SGT Dental Library | SGT Dental Library | 06/05/2014 | 1 | SGTU | 8 | 617.6342 O2013G | FD6900 | 12/01/2026 | 26/12/2025 | 09/02/2015 | Books |